000 00442cam a2200181 4500
001 D2788
008 090401t1983 xxu||||| |||| 00| 0 eng d
035 _a(Sirsi) u70616
041 _aeng
050 _a346.41032
100 _aCornes, David L
245 _aDesign liability in the construction industry
260 _aLondon
_bGranada Publishing
_c1983
300 _avii. 196p. 24cm
350 _a15
942 _n0
948 _c04/03/1997
999 _c95349
_d95349